<?xml version="1.0" encoding="UTF-8"?>
<record
    xmlns:xsi="http://www.w3.org/2001/XMLSchema-instance"
    xsi:schemaLocation="http://www.loc.gov/MARC21/slim http://www.loc.gov/standards/marcxml/schema/MARC21slim.xsd"
    xmlns="http://www.loc.gov/MARC21/slim">

  <leader>01591nam a2200277Ia 4500</leader>
  <controlfield tag="003">OSt</controlfield>
  <controlfield tag="005">20250711143109.0</controlfield>
  <controlfield tag="008">191128s2009    sp a   br     000 f spa d</controlfield>
  <datafield tag="020" ind1=" " ind2=" ">
    <subfield code="a">9788426373762</subfield>
  </datafield>
  <datafield tag="040" ind1=" " ind2=" ">
    <subfield code="a">CO-JMCR</subfield>
    <subfield code="d">CO-JMCR</subfield>
    <subfield code="c">.</subfield>
  </datafield>
  <datafield tag="041" ind1=" " ind2=" ">
    <subfield code="a">spa</subfield>
  </datafield>
  <datafield tag="082" ind1="0" ind2="4">
    <subfield code="a">N</subfield>
    <subfield code="b">DEAa</subfield>
  </datafield>
  <datafield tag="100" ind1="1" ind2=" ">
    <subfield code="a">Deary, Terry, </subfield>
    <subfield code="e">autor</subfield>
    <subfield code="9">6717</subfield>
  </datafield>
  <datafield tag="245" ind1="1" ind2="0">
    <subfield code="a">El arte de secuestrar / </subfield>
    <subfield code="c">Terry Deary ; ilustraciones John Kelly ; traducci&#xF3;n M&#xE1;ximo S&#xE1;ez Escribano</subfield>
  </datafield>
  <datafield tag="260" ind1=" " ind2=" ">
    <subfield code="a">Madrid : </subfield>
    <subfield code="b">Edelvives, </subfield>
    <subfield code="c">2009</subfield>
  </datafield>
  <datafield tag="300" ind1=" " ind2=" ">
    <subfield code="a">222 p&#xE1;ginas :  </subfield>
    <subfield code="b">ilustraciones en blanco y negro ; </subfield>
    <subfield code="c">18 cm.</subfield>
  </datafield>
  <datafield tag="490" ind1=" " ind2=" ">
    <subfield code="a">Academia de truhanes del profesor randa</subfield>
  </datafield>
  <datafield tag="500" ind1=" " ind2=" ">
    <subfield code="a">Este libro es un homenaje a los miles de pobres que sufrieron y murieron en los hospicios de la reina Victoria. Esta dedicado a la memoria de John Wells, quien revel&#xF3; las espantosas escenas del hospicio de Andover en 1845.</subfield>
  </datafield>
  <datafield tag="505" ind1=" " ind2=" ">
    <subfield code="a">Sombras y sustos -- Winrich y waterloo -- Ruby y el rescate -- Peniques y pobres -- Canes y carcamales -- Miedo y miseria -- Pateles y planes -- Ganas y gachas -- Papel y pintura -- Caos y carreteras -- Demandas y disparos -- Brazaletes y ballenas</subfield>
  </datafield>
  <datafield tag="520" ind1=" " ind2=" ">
    <subfield code="a">1837: en la ciudad inglesa de Winrich acaba de abrirse la primera academia de truhanes del mundo. En ella, los ni&#xF1;os de la calle aprenden a no acabar en la c&#xE1;rcel y a sobrevivir robando a ricachones que han hecho su fortuna estafando a los humildes.</subfield>
  </datafield>
  <datafield tag="534" ind1=" " ind2=" ">
    <subfield code="p">Classes in Kidnapping</subfield>
  </datafield>
  <datafield tag="650" ind1="1" ind2="4">
    <subfield code="a">Aventuras en la literatura</subfield>
    <subfield code="9">6718</subfield>
  </datafield>
  <datafield tag="700" ind1=" " ind2=" ">
    <subfield code="a">Kelly, John, </subfield>
    <subfield code="e">ilustrador</subfield>
    <subfield code="9">6719</subfield>
  </datafield>
  <datafield tag="700" ind1=" " ind2=" ">
    <subfield code="a">S&#xE1;ez Escribano, M&#xE1;ximo</subfield>
    <subfield code="e">traductor</subfield>
    <subfield code="9">6720</subfield>
  </datafield>
  <datafield tag="942" ind1=" " ind2=" ">
    <subfield code="2">ddc</subfield>
    <subfield code="c">BK</subfield>
  </datafield>
  <datafield tag="999" ind1=" " ind2=" ">
    <subfield code="c">4006</subfield>
    <subfield code="d">4006</subfield>
  </datafield>
  <datafield tag="952" ind1=" " ind2=" ">
    <subfield code="0">0</subfield>
    <subfield code="1">0</subfield>
    <subfield code="2">ddc</subfield>
    <subfield code="4">0</subfield>
    <subfield code="7">0</subfield>
    <subfield code="8">FIC</subfield>
    <subfield code="a">CPL</subfield>
    <subfield code="b">CPL</subfield>
    <subfield code="d">2019-11-28</subfield>
    <subfield code="e">Donaci&#xF3;n</subfield>
    <subfield code="g">0.00</subfield>
    <subfield code="l">8</subfield>
    <subfield code="m">1</subfield>
    <subfield code="o">N DEAa </subfield>
    <subfield code="p">201808798</subfield>
    <subfield code="r">2026-03-31 10:06:04</subfield>
    <subfield code="s">2026-03-31</subfield>
    <subfield code="t">Ej.1</subfield>
    <subfield code="w">0000-00-00</subfield>
    <subfield code="y">BK</subfield>
  </datafield>
</record>
